000
00259nam a2200097Ia 4500
001
958813
005
20250826215911.0
008
250824s9999 xx 000 0 und d
245
0
_a
ABDÜLHAMİDİN KURTLARLA DANSI 3
_c
MUSTAFA ARMAĞAN
260
_b
KETEBE YAYINLARI
999
_c
958813
_d
958813